00757nam a2200205 a 450000500170000000800410001702000180005804000510007604100080012710000290013524500320016426001560019630000190035249000200037160000550039165000250044665000240047165000260049570000300052120151002104857.01510 t2014 ck gr 0001f spa d a9789585855328 aCO-BoUCMbspa cSandra PalaciodSandra Palacio0 aspa1 aMutis, Alvarod1923-201310aDe mis libroscAlvaro Mutis aBogotá (Colombia)bAlcaldía Mayor de BogotábSecretaría Distrital de Cultura, Recreación y Deporte bInstituto Distrital de las Artes c2014 a205 páginas 1 aLibro al viento14aMutis, Alvarod1923-2013v Colecciones de escritos 7aCuentos colombianos  7aPoesía zColombia 7aLiteratura zColombia1 aGarcía Ángel, Antonio